Microsoft Excel Data Analysis And Business Modeling (Office 2021 And Microsoft 365) (Record no. 366722)

MARC details
000 -LEADER
fixed length control field 00433 a2200157 4500
005 - DATE AND TIME OF LATEST TRANSACTION
control field 20250527162545.0
008 - FIXED-LENGTH DATA ELEMENTS--GENERAL INFORMATION
fixed length control field 250527b |||||||| |||| 00| 0 eng d
020 ## - INTERNATIONAL STANDARD BOOK NUMBER
International Standard Book Number 9788119364947
041 ## - LANGUAGE CODE
Language code of text/sound track or separate title English
100 ## - MAIN ENTRY--PERSONAL NAME
Author Winston W.L.
245 ## - TITLE STATEMENT
Title Microsoft Excel Data Analysis And Business Modeling (Office 2021 And Microsoft 365)
250 ## - EDITION STATEMENT
Edition statement 7th
260 ## - PUBLICATION, DISTRIBUTION, ETC.
Name of publisher, distributor, etc. PHI Learning P.Ltd.
Date of publication, distribution, etc. 2022
300 ## - PHYSICAL DESCRIPTION
Extent 1128
942 ## - ADDED ENTRY ELEMENTS (KOHA)
Koha item type Books
Holdings
Withdrawn status Lost status Source of classification or shelving scheme Damaged status Not for loan Home library Current library Date acquired Vendor Net Price Total Checkouts Full call number Barcode Date last seen Actual Price Bill Date Koha item type Date due Date last checked out
    Dewey Decimal Classification     Cummins College of Engineering for Women Pune Cummins College of Engineering for Women Pune 21/05/2025 115 836.50   005.3684 WIN CCEP-BK-68891 21/05/2025 1195.00 21/05/2025 Books    
    Dewey Decimal Classification     Cummins College of Engineering for Women Pune Cummins College of Engineering for Women Pune 21/05/2025 115 836.50 1 005.3684 WIN CCEP-BK-68890 03/02/2026 1195.00 21/05/2025 Books 31/07/2026 03/02/2026